00615cam a22001813a 450000100060000000300060000600500170001200800410002904000150007004200070008510000220009224501690011426000290028350600300031251600200034283000290036285600420039139691PGUSA20140828083900.0120514s2012||||xxu|||||s|||||000 | eng d aPGUSAbeng adc1 aFraprie, Frank R.10aPhotographic Amusements, Ninth Edition :bIncluding A Description of a Number of Novel Effects Obtainable with the Camerah[electronic resource] /cFrank R. Fraprie bProject Gutenberg,c2012 aPublic domain in the USA. aElectronic text 0aProject Gutenbergv3969140uhttp://www.gutenberg.org/ebooks/39691